RICS Red Book Global Standards 2024 (Record no. 121959)

MARC details
000 -LEADER
fixed length control field 01908nam a22002297a 4500
008 - FIXED-LENGTH DATA ELEMENTS--GENERAL INFORMATION
fixed length control field 240701t2024 xxk|||||o|||| 00| 0 eng d
041 ## - LANGUAGE CODE
Language code of text/sound track or separate title eng
110 ## - MAIN ENTRY--CORPORATE NAME
Corporate author Royal Institution of Chartered Surveyors
245 ## - TITLE STATEMENT
Title RICS Red Book Global Standards 2024
Subtitle a consultation
Medium [Electronic resource]
260 ## - PUBLICATION INFORMATION
Place of publication London,
Publisher Royal Institution of Chartered Surveyors,
Date 1 July 2024
300 ## - PHYSICAL DESCRIPTION
Physical description 181p.
490 ## - SERIES TITLE
Series statement RICS Consultation
520 ## - ABSTRACT
Abstract The changes to the existing Red Book Global Standards will reflect: <br/>Implementation of Valuation Review recommendations; <br/>Alignment with development in other relevant global standards and regulations such as the new International Valuation Standards (IVS) published January 2024, IFRS and Basel 3.1; <br/>Adaption to practices and processes for emerging trends like ESG and technological advancements We are also considering the following restructuring to be effective from 31 January 2025, with each VPS appropriately cross-referencing IVS: <br/><br/>VPS 1: will remain as VPS 1 (Terms of engagement)  <br/>VPS 2: will become VPS 4 (Inspections, investigations and records)  <br/>VPS 3: will become VPS 6 (Valuation reports)  <br/>VPS 4: will become VPS 2 (Bases of value, assumptions and special assumptions)  <br/>VPS 5: will be split into VPS 3 (Valuation approaches and methods) and VPS 5 (valuation models) . <br/> Consultation opened 1 July 2024 closes 2 August 2024. <br/>
650 ## - KEYWORDS
Keywords RED BOOK
650 ## - KEYWORDS
Keywords VALUATION
651 ## - SUBJECT ADDED ENTRY--GEOGRAPHIC NAME
Geographic name International
690 ## - BROAD SUBJECT
Broad subject Valuation
9 (RLIN) 6273
710 ## - ADDED CORPORATE NAME
Added corporate author Royal Institution of Chartered Surveyors
856 ## - ONLINE RESOURCE
Uniform Resource Identifier <a href="https://consultations.rics.org/gf2.ti/-/1640962/212553221.1/PDF/-/Global%20Red%20Book%202025_clean%20for%20consultation.pdf">https://consultations.rics.org/gf2.ti/-/1640962/212553221.1/PDF/-/Global%20Red%20Book%202025_clean%20for%20consultation.pdf</a>
Public note View the consultation document on RICS.org
856 ## - ONLINE RESOURCE
Uniform Resource Identifier <a href="https://consultations.rics.org/globalredbook2024/consultationHome">https://consultations.rics.org/globalredbook2024/consultationHome</a>
Public note View the RICS iConsult homepage on Global Red Book 2024
942 ## - ADDED ENTRY ELEMENTS (KOHA)
Suppress in OPAC Do not suppress in OPAC
Holdings
Lost status Source of classification or shelving scheme Damaged status Not for loan Current library Shelving location Date acquired Total Checkouts Full call number Date last seen Price effective from Koha item type
  Dewey Decimal Classification     Virtual Online 01/07/2024   RICS iConsult 01/07/2024 01/07/2024 Online material